| 000 | 00000nam 2200000za 4500 |
| 001 | 9.815514 |
| 003 | CaOODSP |
| 005 | 20250403105738 |
| 007 | cr ||||||||||| |
| 008 | 160415s2016 onc |o f000 0 fre d |
| 040 | |aCaOODSP|bfre |
| 043 | |an-cn--- |
| 086 | 1 |aCS9-2/2-2016F-PDF |
| 245 | 00|a2A-L - questions du recensement de 2016 et les raisons pour lesquelles les questions sont posées |h[ressource électronique]. |
| 260 | |a[Ottawa] : |bStatistique Canada, |c[2016]. |
| 300 | |a47 p. |
| 500 | |aPubli. aussi en anglais sous le titre : 2A-L - 2016 census questions and reasons why the questions are asked. |
| 692 | 07|2gccst|aRecensement |
| 710 | 2 |aStatistique Canada. |
| 775 | 08|t2A-L - 2016 census questions and reasons why the questions are asked |w(CaOODSP)9.815512 |
| 775 | 08|t[2A-L - questions du recensement de 2016 et les raisons pour lesquelles les questions sont posées] |w(CaOODSP)9.816674 |
| 775 | 08|t[2A-L - questions du recensement de 2016 et les raisons pour lesquelles les questions sont posées] |w(CaOODSP)9.816678 |
| 775 | 08|t[2A-L - questions du recensement de 2016 et les raisons pour lesquelles les questions sont posées] |w(CaOODSP)9.816683 |
| 775 | 08|t[2A-L - questions du recensement de 2016 et les raisons pour lesquelles les questions sont posées] |w(CaOODSP)9.816685 |
| 775 | 08|t[2A-L - questions du recensement de 2016 et les raisons pour lesquelles les questions sont posées] |w(CaOODSP)9.816687 |
| 775 | 08|t[2A-L - questions du recensement de 2016 et les raisons pour lesquelles les questions sont posées] |w(CaOODSP)9.816693 |
| 775 | 08|t[2A-L - questions du recensement de 2016 et les raisons pour lesquelles les questions sont posées] |w(CaOODSP)9.816696 |
| 775 | 08|t[2A-L - questions du recensement de 2016 et les raisons pour lesquelles les questions sont posées] |w(CaOODSP)9.816698 |
| 775 | 08|t[2A-L - questions du recensement de 2016 et les raisons pour lesquelles les questions sont posées] |w(CaOODSP)9.816680 |
| 775 | 08|t[2A-L - questions du recensement de 2016 et les raisons pour lesquelles les questions sont posées] |w(CaOODSP)9.816690 |
| 856 | 40|qPDF|s1.39 Mo|uhttps://publications.gc.ca/collections/collection_2016/statcan/CS9-2-2-2016-fra.pdf |